00371nam a22001697a 4500003000200000005001700002020001800019082001900037100002300056100000800079100000900087245002100096260004100117300000800158600001900166650001600185020260412174647.0 a9789384012151 aCS 891.431 KHA aKhandelwal, Dheera cIAS d1986 aReshami rassiyan aKolkatabPratishruti Prakashanc2021 a120 cCivil Services aHindi Poems